<?xml version="1.0" encoding="UTF-8"?>
<collection xmlns="http://www.loc.gov/MARC21/slim">
 <record>
  <leader>04330nam a2200361 a 4500</leader>
  <controlfield tag="001">TVCDKTCT12413</controlfield>
  <controlfield tag="003">Thư viện trường Cao đẳng Kỹ thuật Cao Thắng</controlfield>
  <controlfield tag="005">20170605085401.2</controlfield>
  <controlfield tag="008">100524</controlfield>
  <datafield tag="980" ind1="\" ind2="\">
   <subfield code="a">Thư viện Trường CĐ Kỹ Thuật Cao Thắng</subfield>
  </datafield>
  <datafield tag="024" ind1=" " ind2=" ">
   <subfield code="a">RG_1 #1 eb0 i1</subfield>
  </datafield>
  <datafield tag="041" ind1="0" ind2="#">
   <subfield code="a">vie</subfield>
  </datafield>
  <datafield tag="082" ind1="#" ind2="#">
   <subfield code="a">621.802 87 / </subfield>
   <subfield code="b">K600T-ng</subfield>
  </datafield>
  <datafield tag="100" ind1="1" ind2="#">
   <subfield code="a">Nguyễn Thị Xuân Bảy</subfield>
  </datafield>
  <datafield tag="245" ind1="0" ind2="0">
   <subfield code="a">Kỹ thuật đo lường kiểm tra trong chế tạo cơ khí / </subfield>
   <subfield code="c">Nguyễn Thị Xuân Bảy, Nguyễn Thị Cẩm Tú, Nguyễn Tiến Thọ</subfield>
  </datafield>
  <datafield tag="250" ind1="#" ind2="#">
   <subfield code="a">Tái bản lần thứ 4</subfield>
  </datafield>
  <datafield tag="260" ind1="#" ind2="#">
   <subfield code="a">H. : </subfield>
   <subfield code="b">KHKT , </subfield>
   <subfield code="c">2009</subfield>
  </datafield>
  <datafield tag="300" ind1="#" ind2="#">
   <subfield code="a">180tr. ; </subfield>
   <subfield code="c">27 cm</subfield>
  </datafield>
  <datafield tag="520" ind1="#" ind2="#">
   <subfield code="a">- Chương 1: Các khái niệm và nguyên tắc cơ bản trong đo lường</subfield>
  </datafield>
  <datafield tag="520" ind1="#" ind2="#">
   <subfield code="a">- Chương 2: Phương pháp đo các thông số hình học và các chỉ tiêu chất lượng của chi tiết cơ khí</subfield>
  </datafield>
  <datafield tag="520" ind1="#" ind2="#">
   <subfield code="a">- Chương 3: Lý thuyết sai số - Phương pháp xử lý kết quả đo thực nghiệm</subfield>
  </datafield>
  <datafield tag="520" ind1="#" ind2="#">
   <subfield code="a">- Chương 4: Chọn phương án đo</subfield>
  </datafield>
  <datafield tag="520" ind1="#" ind2="#">
   <subfield code="a">Cuốn &quot;Kỹ thuật đo lường - kiểm tra trong chế tạo cơ khí&quot; cung cấp các kiến thức cơ sở kỹ thuật đo cho các kỹ sư chế tạo máy để khi giải quyết công nghệ sản xuất có thể đưa ra được quy trình công nghệ hợp lý, có khả năng giải quyết các vấn đề về kỹ thuật đo lường - kiểm tra chất lượng sản phẩm chọn được độ chính xác hợp lý cho phương pháp đo. Cuốn sách trình bày các vấn đề cơ bản nhất của kỹ thuật đo , trọng tâm của cuốn sách dành cho những vấn đề về phương pháp đo để xác định thông số hình học trong các chi tiết cơ khí . Cuốn scahs trình bày các kiến  thức cơ bản , tóm tắt về lý thuyết sai số và phương pháp xử lý số liệut hực nghiệm - các kiên thức không thể thiếu trong công tác đo lường -kiểm tra sản xuất để đánh giá có tính chất thống kê chất lượng sản phẩm , máy móc.</subfield>
  </datafield>
  <datafield tag="520" ind1="#" ind2="#">
   <subfield code="a">Cuốn sách được soạn làm tài liệu học tập chính thức cho sinh viên ngành chế tạo cơ khí và máy chính xác, làm tài liệu tham khảo cho các sinh viên , học sinh kỹ thuật trong các ngành cơ khí , cuốn sách giúp ích cho cán bộ làm công tác kiểm tra kỹ thật  cơ khí, các kỹ sư công nghệ chế tạo và những người quan tâm đến vấn đề kỹ thuật đo lường- kiểm tra  và nghiên cứu thực nghiệm , cuốn sách giúp người thiết kế nêu được một cách hợp lý các nhu cầu về chất lượng sản phẩm cũng như đưa ra được một quy trình công nghệ hợp lý để đảm bảo chất lượng , cuốn sách giúp ta chọn được phương án đo và độn chính xác của dụng cụ đo phù hợp với yêu cầu của độ chính xác sản phẩm.</subfield>
  </datafield>
  <datafield tag="520" ind1="#" ind2="#">
   <subfield code="a">Cuốn sách gồm 4 chương :</subfield>
  </datafield>
  <datafield tag="520" ind1="#" ind2="#">
   <subfield code="a">Trong sản xuất, đo lường là phương pháp để nhận biết  chất lượng và như vậy dụng cụ đo lường trở thành một trong những công cụ lao động góp phần tạo ra lao động có chất lượng cao, tạo ra các sản phẩm tốt.</subfield>
  </datafield>
  <datafield tag="650" ind1="#" ind2="4">
   <subfield code="a">Chế tạo cơ khí</subfield>
  </datafield>
  <datafield tag="650" ind1="#" ind2="4">
   <subfield code="a">Chế tạo cơ khí--kỹ thuật đo lường ki ểm tra</subfield>
  </datafield>
  <datafield tag="700" ind1="0" ind2="#">
   <subfield code="a">Nguyễn Thị Cẩm Tú</subfield>
  </datafield>
  <datafield tag="700" ind1="0" ind2="#">
   <subfield code="a">Nguyễn Tiến Thọ</subfield>
  </datafield>
  <datafield tag="721" ind1="#" ind2="#">
   <subfield code="a">CNKT Cơ điện tử</subfield>
  </datafield>
  <datafield tag="721" ind1="#" ind2="#">
   <subfield code="a">CNKT Cơ khí</subfield>
  </datafield>
  <datafield tag="841" ind1="#" ind2="#">
   <subfield code="b">Kho Sách </subfield>
   <subfield code="j">100035419, 100035439, 100035469, 100035603, 100036780, 100036785, 100036790, 100036795, 100036800</subfield>
  </datafield>
 </record>
</collection>
